TEA (Record no. 14880)

MARC details
000 -LEADER
fixed length control field 00391nam a22001697a 4500
003 - CONTROL NUMBER IDENTIFIER
control field OSt
005 - DATE AND TIME OF LATEST TRANSACTION
control field 20211026100833.0
008 - FIXED-LENGTH DATA ELEMENTS--GENERAL INFORMATION
fixed length control field 211026b |||||||| |||| 00| 0 eng d
020 ## - INTERNATIONAL STANDARD BOOK NUMBER
International Standard Book Number 0 582 4606 X
040 ## - CATALOGING SOURCE
Transcribing agency Hawassa university
050 ## - LIBRARY OF CONGRESS CALL NUMBER
Classification number 633/EDE
082 ## - DEWEY DECIMAL CLASSIFICATION NUMBER
Edition number Third edition
Classification number 633/EDE
100 ## - MAIN ENTRY--PERSONAL NAME
Personal name Eden t.
9 (RLIN) 15222
245 ## - TITLE STATEMENT
Title TEA
260 ## - PUBLICATION, DISTRIBUTION, ETC.
Name of publisher, distributor, etc. Longman
Date of publication, distribution, etc. 1976
942 ## - ADDED ENTRY ELEMENTS (KOHA)
Source of classification or shelving scheme Dewey Decimal Classification
Koha item type Books like text book referance book
Suppress in OPAC No
Holdings
Withdrawn status Lost status Source of classification or shelving scheme Damaged status Not for loan Home library Current library Date acquired Total Checkouts Full call number Barcode Date last seen Copy number Price effective from Koha item type
    Dewey Decimal Classification     College of Agriculture Library College of Agriculture Library 10/26/2021   633/EDE ALIB0008841 10/26/2021 C 2 10/26/2021 Books like text book referance book
    Dewey Decimal Classification     College of Agriculture Library College of Agriculture Library 10/26/2021   633/EDE ALIB0008842 10/26/2021 C 3 10/26/2021 Books like text book referance book